Prečo CRM a ako začať

Bibliographic Details
Main Author: Kopisová, Jaroslava (Author)
Format: Article
Language:Slovak
PhysicalDescription:Fotogr.
ISSN:1335-4787
Subjects:

MARC

LEADER 00000nab a2200000 a 4500
001 vtls009511172
003 SK-MaSNL
005 20260304164106.0
008 250507c2008 xo |||||||||||000 b|slo
015 |a SNBRB2009/05  |2 snkbucl 
035 |a (uuid)9262c83e-51b9-4647-bcb6-6a6f8d2ad12c 
035 |a urn:nbn:sk:snk-ab1ftf 
035 |a (urnnbn)urn:nbn:sk:snk:ar-00389x 
038 |a SNKBUCL 
040 |a SNKBUCL  |b slo  |c SNKBUCL  |e AACR2 
041 0 |a slo 
044 |a xo  |c SK 
080 |a 005.346:004.9  |2 2001 
080 |a [007+004]:658  |2 2001 
080 |a 004.9  |2 2001 
080 |a 658.89.012.43  |2 2001 
080 |a 005.591  |2 2001 
100 1 |a Kopisová, Jaroslava  |4 aut  |9 1492269 
245 1 0 |a Prečo CRM a ako začať  |c Jaroslava Kopisová 
300 |b Fotogr. 
650 0 7 |a manažment vzťahov so zákazníkmi  |2 SNKPH  |9 18756 
650 0 7 |a podnikové informačné systémy  |2 SNKPH  |9 68605 
650 0 7 |a aplikačný softvér  |2 SNKPH  |9 3704 
650 0 7 |a manažment zmeny  |2 SNKPH  |9 934 
773 0 |t Infoware  |g Č. 11 (2008), s. 34  |x 1335-4787 
850 |a Slovenská národná knižnica 
852 |a Slovenská národná knižnica 
954 |a odborná, vedecká literatúra pôvodná (slovenská)  |2 lita 
958 |a article2022 
958 |a OND 
958 |a EUIPO 
999 |c 2979636  |d 2981566